Global cities reader (Record no. 4819)

MARC details
000 -LEADER
fixed length control field 00557nam a2200229Ia 4500
020 ## - INTERNATIONAL STANDARD BOOK NUMBER
ISBN 0-415-32344-4
082 ## - DEWEY DECIMAL CLASSIFICATION NUMBER
Classification number 307.76 GLO-
245 #0 - TITLE STATEMENT
Title Global cities reader
260 ## - PUBLICATION, DISTRIBUTION, ETC. (IMPRINT)
Place of publication London
Name of publisher Routledge
Year of publication 2006
300 ## - PHYSICAL DESCRIPTION
Number of Pages xvi, 436
440 ## - SERIES STATEMENT/ADDED ENTRY--TITLE
Title Routledge urban reader series
504 ## - BIBLIOGRAPHY, ETC. NOTE
Bibliography, etc includes index
650 ## - SUBJECT ADDED ENTRY--TOPICAL TERM
Topical Term Cities and towns
650 ## - SUBJECT ADDED ENTRY--TOPICAL TERM
Topical Term Urbanization
650 ## - SUBJECT ADDED ENTRY--TOPICAL TERM
Topical Term Globalization
650 ## - SUBJECT ADDED ENTRY--TOPICAL TERM
Topical Term Globalisation
700 ## - ADDED ENTRY--PERSONAL NAME
Personal name Keil, Roger
700 ## - ADDED ENTRY--PERSONAL NAME
Personal name Brenner, Neil
700 ## - ADDED ENTRY--PERSONAL NAME
Personal name LeGates, Richard T.
700 ## - ADDED ENTRY--PERSONAL NAME
Personal name Stout, Frederic
942 ## - ADDED ENTRY ELEMENTS (KOHA)
Koha item type Books
Holdings
Withdrawn status Lost status Damaged status Not for loan Home library Current library Date acquired Source of acquisition Bill Date Full call number Accession Number Price effective from Koha item type
        NASSDOC Library NASSDOC Library 21/03/2006 OP 2006-03-06 307.76 GLO- 41560 18/04/2019 Books